British things measured with the imperial system - Statistics

General Stats
  • This quiz has been taken 23 times
  • The average score is 5 of 20
Answer Stats
Answer % Correct
People's weights (stones and pounds)
68%
Road distances (miles)
68%
Beer and cider (pints)
58%
People's heights, e.g. on Celtic website (feet and inches)
53%
Driving speeds (miles per hour)
42%
Football distances (yards)
32%
Horse racing distances (miles, furlongs, and yards)
32%
Land area, in most situations (acres)
32%
Sailing wind speeds and boat speeds (knots)
16%
Cannabis (ounces)
11%
Golf distances (yards)
11%
Goods and services sold by a description, as opposed to a price per unit quantity, eg a 6x4" photo frame
11%
Jam packaging amounts (a regular jar is one pound, but marked as 454g)
11%
Munros (hills over 3,000 feet)
11%
Precious metals (Troy ounces)
11%
Fuel consumption (miles per gallon)
5%
Milk in returnable containers (pints)
5%
Golden syrup (as above)
0%
Sausages (as above)
0%
Width and height warning signs (must be in both metric and imperial)
0%
No matching quizzes found
Score Distribution
Percent of People with Each Score
Percentile by Number Answered
Your Score History
You have not taken this quiz